00891 am a2200241 a 450000500170000000800410001702000150005804100080007309200200008110000200010124500990012125000180022026000300023830000110026850001590027959000410043865300130047970000240049293000090051694200120052599900130053795200990055020240527121604.0100906s1979||||enk f |||| 000 0 spa d a0582526159 aspa c610.03l51sMAC1 aMackin, R.9633 3aEl inglés para médicos y estudiantes de medicina.bCurso rápido de lectura / cR. Mackin a2a ed. reimp. aLondon: bLongman;c1979. a161 p. aMackin, R. y Weinberger, A. (1979). El inglés para médicos y estudiantes de medicina. Curso rápido de lectura. (1a ed. 2a reimp.). London : Longman. aDonación Olivia Ciruzzi, Sep. 2010 aInglés1 aWeinberger, A.9634 a2141 2ddccBK c695d695 00104070aBFMbBFMcCRd2011-05-13l0o610.03 51 MACp2141r2014-11-06tej.1w2011-05-13yBK